000 00564nmm a2200169Ia 4500
008 251105s9999||||xx |||||||||||||||||und||
020 _a9788484898795
041 _aspa
100 _aColmeiro, José (ed.)
245 0 _aEncrucijadas globales :
_b Redefinir España en el siglo XXI
264 _a[Madrid, España] :
_bIberoamericana Vervuert,
_c2015
300 _a336 páginas
490 _aLa Casa de la Riqueza. Estudios de Cultura de España
650 _aSocial Sciences (General)
856 _uhttps://public.digitaliapublishing.com/a/56787
942 _cCF
999 _c86858
_d86858